Normal view
MARC view
- Sarah, P
Entry Personal Name
001 - CONTROL NUMBER
- control field: 6665
003 - CONTROL NUMBER IDENTIFIER
- control field: OSt
005 - DATE AND TIME OF LATEST TRANSACTION
- control field: 20241231154447.0
008 - FIXED-LENGTH DATA ELEMENTS
- fixed length control field: 241231|| aca||aabn | a|a d
040 ## - CATALOGING SOURCE
- Original cataloging agency: OSt
- Transcribing agency: OSt
100 ## - HEADING--PERSONAL NAME
- Personal name: Sarah, P
670 ## - SOURCE DATA FOUND
- Source citation: Work cat.: (OSt)13171: Sarah, P ., Lasers and optical fibre communications / , 2008.
